Ιστορία της μουσικής
Saved in:
| Main Author: | |
|---|---|
| Format: | Book |
| Language: | Greek |
| Published: |
Αθήνα :
Ν. Βότσης,
1985
|
| Edition: | 2η εκδ. |
| Subjects: | |
| Tags: |
Add Tag
No Tags, Be the first to tag this record!
|
MARC
| LEADER | 00000cam a2200000 i 4500 | ||
|---|---|---|---|
| 001 | 1/75297 | ||
| 008 | 960729s1985 gr | ||| |||| ||gre|| | ||
| 035 | |a 1987 |c Αγορά |l 10032088 | ||
| 040 | |a GR-MY-UA |b gre |e aacr | ||
| 041 | 0 | |a gre | |
| 082 | 0 | |a 780.9 | |
| 100 | 1 | |a Nef, Karl. | |
| 245 | 1 | 0 | |a Ιστορία της μουσικής / |c Karl Nef |
| 250 | |a 2η εκδ. | ||
| 260 | |a Αθήνα : |b Ν. Βότσης, |c 1985 | ||
| 300 | |a 635 σ. | ||
| 650 | 0 | 0 | |a Music |x History and criticism. |
| 650 | 0 | 0 | |a Music, Origin of. |
| 852 | |a INST |b RHODES |e 19960729 |h 780.9 NEF |p 005400000679 |q 005400000679 |t BK |y 0 | ||
| 852 | |a INST |b RHODES |e 19960729 |h 780.9 NEF |p 005400000680 |q 005400000680 |t BK |y 0 | ||
| 909 | |a Ρ |b 007956 | ||
| 909 | |a Ρ |b 007957 | ||